| 000 | 01018cam a2200301 i 4500 | ||
|---|---|---|---|
| 005 | 20260322212008.0 | ||
| 008 | data | ||
| 010 | _a 77026251 | ||
| 020 | _a0896600068 | ||
| 020 | _a9780896600065 | ||
| 040 |
_aDLC _cDLC _dDLC |
||
| 050 | 0 | 0 |
_aND237.R68 _bF556 |
| 082 | 0 | 0 | _a759.13 |
| 092 | _a759.13 F556 1978 | ||
| 100 | 1 |
_aRockwell, Norman, _d1894-1978. |
|
| 245 | 1 | 0 |
_a102 favorite paintings / _cNorman Rockwell, Norman Rockwell & Christopher Finch. |
| 260 |
_aNew York : _bCrown Publishers, _cc1978. |
||
| 300 |
_a157 p. : _bcol. ill. ; _c30 cm. |
||
| 500 | _a"An Artabras book." | ||
| 500 | _aIncludes the material from 50 famous Rockwell favorites. | ||
| 600 | 1 | 0 |
_aRockwell, Norman, _d1894-1978. |
| 700 | 1 |
_aRockwell, Norman, _d1894-1978. _t50 famous Rockwell favorites. 1978. |
|
| 700 | 1 | _aFinch, Christopher. | |
| 906 |
_a7 _bcbc _corignew _d1 _eocip _f19 _gy-gencatlg |
||
| 991 |
_bc-GenColl _hND237.R68 _iF556 _tCopy 1 _wBOOKS |
||
| 991 |
_bc-GenColl _hND237.R68 _iF556 _p00017307009 _tCopy 2 _wCCF |
||
| 001 | data | ||
| 999 |
_c147 _d147 |
||